00591nam a2200181Ia 4500952013400000999001500134003000400149005001700153008004100170020001500211040000900226082001800235245004700253260004400300300000900344650001300353942004300366 00102ddc40708COMMERCEaMESbMEScCOMMd2019-02-20g90.00l0o380.03 ANM/Ap26979r2019-02-20 00:00:00w2019-02-20yBKzGL52R4 c6223d6223OSt20200113123527.0190216s9999||||xx |||||||||||||| ||und|| a8126104643 coclc a380.03bANM/A 0aAdvanced Learner's Dictionary Of Commerce  bAnmol Publications,c2000.aNew Delhi : a222p aCommerce cREF2ddch380.03iANM/Ak380.03mANM/A